|
|
|
|
| LEADER |
00000nas a2200000 a 4500 |
| 001 |
ssj0012485 |
| 003 |
WaSeSS |
| 005 |
20200512172242.0 |
| 006 |
m d |
| 007 |
cr n |
| 008 |
000112c19879999cou x pss 0 a0eng c |
| 010 |
|
|
|a 00244860
|
| 016 |
7 |
|
|a 100970957
|2 DNLM
|
| 022 |
|
|
|a 1533-7731
|l 1533-7731
|y 0893-5394
|
| 035 |
|
|
|a (WaSeSS)ssj0012485
|
| 040 |
|
|
|a EXW
|b eng
|c EXW
|d OCL
|d NLM
|d NSD
|d IUL
|d OCLCQ
|d DLC
|d OCLCQ
|d CDS
|d OCLCQ
|d DLC
|d OCL
|d OCLCS
|d DLC
|d CLU
|d UQ1
|d MUQ
|d DLC
|d OCLCQ
|d OCLCO
|d CUV
|d OCLCQ
|d OCLCF
|d OCLCO
|d NTG
|d OCLCA
|d WaSeSS
|
| 042 |
|
|
|a pcc
|a nsdp
|
| 043 |
|
|
|a n-us---
|a n------
|
| 050 |
0 |
0 |
|a RC451.5.I5
|
| 060 |
0 |
0 |
|a W1
|
| 082 |
0 |
0 |
|a 362 $2 13
|2 13
|
| 130 |
0 |
|
|a American Indian and Alaska native mental health research (Online)
|
| 210 |
1 |
0 |
|a Am Indian Alsk Native Ment Health Res
|b (Online)
|2 dnlm
|
| 210 |
1 |
0 |
|a Am. Indian Alsk. Native Ment. Health Res.
|b (Online)
|
| 222 |
|
0 |
|a American Indian and Alaska native mental health research
|b (Online)
|
| 245 |
1 |
0 |
|a American Indian and Alaska native mental health research
|h [electronic resource] :
|b the journal of the National Center.
|
| 260 |
|
|
|a [Denver, Colo.] :
|b National Center for American Indian and Alaska Native Mental Health Research
|
| 310 |
|
|
|a Irregular
|
| 362 |
1 |
|
|a Print began with vol. 1, no. 1 (June 1987).
|
| 506 |
|
|
|a License restrictions may limit access.
|
| 538 |
|
|
|a Mode of access: World Wide Web.
|
| 580 |
|
|
|a Vol. 8, no. 2 (1998)-v. 8, no. 3 (1999) also available in a print ed.; beginning with v. 9, no. 1 (2000), issued in online format only.
|
| 588 |
|
|
|a Description based on: Vol. 8, no. 2 (1998); title from introductory page (publisher's Web site, viewed June 18, 2002).
|
| 588 |
|
|
|a Latest issue consulted: Vol. 11, no. 1 (2003) (viewed Feb. 13, 2004).
|
| 650 |
|
0 |
|a Indians of North America
|x Mental health
|v Periodicals.
|
| 650 |
|
0 |
|a Alaska Natives
|x Mental health
|v Periodicals.
|
| 650 |
1 |
2 |
|a Inuits.
|
| 650 |
1 |
2 |
|a Indians, North American.
|
| 650 |
2 |
2 |
|a Mental Health.
|
| 650 |
|
6 |
|a Indiens d'Amérique
|z Amérique du Nord
|x Santé mentale
|v Périodiques.
|
| 650 |
|
6 |
|a Inuit
|x Santé mentale
|v Périodiques.
|
| 650 |
|
6 |
|a Indiens d'Amérique
|x Santé mentale
|v Périodiques.
|
| 650 |
|
7 |
|a Amérindien.
|2 rasuqam
|
| 650 |
1 |
7 |
|a Santé mentale.
|2 rasuqam
|
| 650 |
|
7 |
|a Indians of North America
|x Mental health.
|2 fast
|0 (OCoLC)fst00969845
|
| 651 |
|
2 |
|a Alaska.
|
| 651 |
|
2 |
|a United States.
|
| 651 |
|
7 |
|a Alaska.
|2 rasuqam
|
| 655 |
|
0 |
|a Electronic journals.
|
| 710 |
2 |
|
|a National Center for American Indian and Alaska Native Mental Health Research (U.S.)
|
| 710 |
2 |
|
|a University of Colorado Health Sciences Center.
|
| 780 |
1 |
0 |
|t American Indian and Alaska native mental health research
|x 0893-5394
|w (DLC) 94644926
|w (OCoLC)15565658
|
| 853 |
2 |
0 |
|8 1
|a v.
|b no.
|u 3
|v r
|i (year)
|w t
|
| 856 |
4 |
0 |
|z Full text available from Research Library: 01/01/1998 to 01/31/1999
|u https://search.proquest.com/publication/33077
|
| 863 |
4 |
1 |
|8 1.1
|a 8
|b 2
|i 1998
|